000 01142cam a2200289 a 4500
001 sa 66001856
003 DLC
005 20260227112225.0
008 720816r19651881ii b 001 0 eng
010 _asa 66001856
035 _a(OCoLC)383919
040 _aDLC
_cDLC
041 1 _aeng
_hpli
050 0 0 _aBQ1372.E5
_bM85 1965
130 0 _aTipiṭaka.
_pSuttapiṭaka.
_pKhuddakanikāya.
_pDhammapada.
_lEnglish.
245 1 4 _aThe Dhammapada /
_ctranslated from Pāli by F. Max Müller. The Sutta-nipâta / translated from Pâli by V. Fausböll.
260 _aDelhi :
_bMotilal Banarsidass,
_c1965.
300 _a2 v. in 1 ;
_c22 cm.
440 0 _aSacred books of the East series ;
_vv. 10
440 0 _aUNESCO collection of representative works.
_pIndian series
500 _aReprint. Originally published: Oxford : Clarendon Press, 1881.
504 _aIncludes bibliographical references and indexes.
700 1 _aMüller, F. Max
_q(Friedrich Max),
_d1823-1900
_etr.
700 1 _aFausbøll, V.
_q(Viggo),
_d1821-1908.
730 0 2 _aTipiṭaka.
_pSuttapiṭaka.
_pKhuddakanikāya.
_pSuttanipāta.
_lEnglish.
740 0 2 _aSutta-nipâta.
999 _c68027
_d68027